| 000 | 00723nam a2200229 u 4500 | ||
|---|---|---|---|
| 005 | 20220916063637.0 | ||
| 008 | 160608s2009 mx r 000 0 spa d | ||
| 020 | _a9786074296075 | ||
| 035 | _aUPN01000211241 | ||
| 049 | _aI | ||
| 050 | 4 |
_aPZ83 _bM3.5 |
|
| 100 | 1 |
_aMachado, Ana María, _d1941- _929089 |
|
| 245 | 1 | 0 |
_aMi reino por un caballo / _cAna María Machado ; il. Elbio Arismendi ; tr. Rosa S. Corgatelli. |
| 260 |
_aMéxico : _bRandom House Mondadori, _c2009. |
||
| 300 |
_a29 p. : _bil col. |
||
| 440 | 0 | _aInfantil | |
| 650 | 4 |
_aLITERATURA INFANTIL BRASILEÑA _911916 |
|
| 650 | 7 |
_aLibros ilustrados para niños _2 _921365 |
|
| 650 | 4 |
_aCuentos infantiles _96744 |
|
| 905 | _aInfantil | ||
| 999 |
_c183342 _d183342 |
||